| 000 | 01155nam a22002177a 4500 | ||
|---|---|---|---|
| 999 |
_c58644 _d58644 |
||
| 003 | Ge_BSU | ||
| 005 | 20220621130640.0 | ||
| 008 | 220621s2017 ge ||||| |||| 00| 0 geo d | ||
| 020 | _a9789941275111 | ||
| 041 | _ageo | ||
| 080 | _a1(479.22) შ-15 | ||
| 100 |
_aშათირიშვილი, ზაზა _914119 |
||
| 245 |
_aVita contemplativa ჭვრეტითი ცხოვრება : _bსაუბრები ფილოსოფიაზე / _c ზაზა შათირიშვილი ; რედაქტორი ელზა ნაბახტეველი ; დიზაინი ბესიკ დანელია. |
||
| 264 |
_aთბილისი : _bსეზან ფაბლიშინგი, _c2017. |
||
| 300 |
_a280 გვ. ; _b22 სმ. |
||
| 653 | _aქართული ფილოსოფია. | ||
| 653 | _aძველი ბერძნული ფილოსოფია. | ||
| 700 |
_aნაბახტეველი, ელზა _eრედაქტორი _95442 |
||
| 700 |
_aდანელია, ბესიკ _eდიზაინერი _94424 |
||
| 942 |
_2udc _cBK |
||